000 00694nam a2200241Ia 4500
003 OSt
005 20220918202144.0
006 a|||||r|||| 00| 0
007 ta
008 220917b |||||||| |||| 00| 0 eng d
024 _a99,170
037 _cTextual
040 _aARTS
_cARTS
_beng
041 _2eng
_aeng
082 _aV2:25xM87, M8
100 _aKashyap Subhash C
_937998
245 0 _aGovind Ballabh Pant
_b pralimaentarian stateman and administration
260 _aN.D
_bNational Pub House
_c1988
650 _aHISTORY
700 _a Shah Mahesh C
_9102489
942 _hV2:25xM87, M8
_cTEXL
_2CC
999 _c222746
_d222746